LEADER 01029nam0-2200361-i-450- 001 990008838880403321 005 20090409162145.0 010 $a0-8218-0288-7 035 $a000883888 035 $aFED01000883888 035 $a(Aleph)000883888FED01 035 $a000883888 100 $a20090409d2001----km-y0itay50------ba 101 0 $aeng 102 $aUS 105 $aa---a---001yy 200 1 $aEssays in the history of Lie groups and algebraic groups$fArmand Borel 210 $aProvidence$cAmerican mathematical society$dc2001 215 $axii, 184 p.$d24 cm 225 1 $aHistory of Mathematics$v21 610 0 $aGruppi di lie 610 0 $aGruppi lineari algebrici 676 $a510.92$v21$zita 700 1$aBorel,$bArmand$045077 801 0$aIT$bUNINA$gRICA$2UNIMARC 901 $aBK 912 $a990008838880403321 952 $aC-60-(21$b23653$fMA1 959 $aMA1 962 $a01A55 962 $a22-XX 996 $aEssays in the History of Lie Groups and Algebraic Groups$9377637 997 $aUNINA LEADER 01309cam0-2200385---450- 001 990004321410403321 005 20150623104657.0 010 $a90-6203-640-6$bv. 1 010 $a90-6203-650-3$bv. 2 010 $a90-6203-640-6$bv. 3 010 $a90-6203-800-X$bv. 4 035 $a000432141 035 $aFED01000432141 035 $a(Aleph)000432141FED01 035 $a000432141 100 $a19990604g19881989km-y0itay50------ba 101 0 $afre 102 $aNL 105 $a--------001yy 200 1 $a<>imaginaire d'un romancier français de la fin du XII siècle$edescription raisonnée, comparée et commentée de la Continuation-Gauvain première suite du Conte du Graal de Chrétien de Troyes 210 $aAmsterdam$cRodopi$d1988-1989 215 $a4 v.$d22 cm 225 1 $aFaux titre$eétudes de langue et littérature françaises$v33 610 0 $aContinuation Gauvain 676 $a843.1$v22$zita 700 1$aGallais,$bPierre$f<1929-2001> 801 0$aIT$bUNINA$gRICA$2UNIMARC 901 $aBK 912 $a990004321410403321 952 $a843.1 GAL 1(1)$bDip.f.m.4396/A$fFLFBC 952 $a843.1 GAL 1(2)$bDip.f.m.4396/B$fFLFBC 952 $a843.1 GAL 1(3)$bDip.f.m.4396/C$fFLFBC 952 $a843.1 GAL 1(4)$bDip.f.m.4396/D$fFLFBC 959 $aFLFBC 997 $aUNINA